Statistiques concernant Pokémon - Les attaques de Flamajou

Cliquez ici pour prendre le quiz!

Statistiques générales

  • Ce quiz a été pris 6 fois
  • Le résultat moyen est 6 sur 15

Statistiques - réponses

NiveauType de quizNom du coup% Correct
31VolAcrobatie
80%
DépartNormalGriffe
80%
7SpectreLéchouille
80%
28TénèbresDégommage
60%
4NormalGroz'Yeux
60%
43TénèbresMâchouille
60%
19TénèbresMorsure
60%
13NormalCombo-Griffe
40%
22FeuRebondifeu
40%
10FeuCalcination
20%
37NormalRecyclage
20%
25PsyAmnésie
0%
16NormalBâillement
0%
DépartNormalCamaraderie
0%
40NormalDon Naturel
0%

Distribution des résultats

Percentile par nombre de réponses

% des personnes avec chaque résultat

Votre développement - résultats

Vous n’avez pas pris ce quiz